Hodnotenie výkonnosti podnikov automobilového priemyslu prostredníctvom integrácie metód BSC - DEA
Predpoklady integrácie metódy Balanced Scorecard a modelu Data Envelopment Analysis. Analýza efektívnosti finančnej perspektívy podnikov automobilového priemyslu integráciou metód BSC – DEA. Metodický postup BSC – DEA hodnotenia integrovaného manažérstva kvality podniku.
Salvato in:
| Autore principale: | |
|---|---|
| Altri autori: | |
| Natura: | Capitolo di libro |
| Lingua: | slovacco |
| Soggetti: | |
| Tags: |
Nessun Tag, puoi essere il primo ad aggiungerne!!
|
MARC
| LEADER | 00000nla a2200000 4500 | ||
|---|---|---|---|
| 001 | 0221295 | ||
| 005 | 20240502073633.5 | ||
| 041 | 0 | |a slo | |
| 044 | |a SK | ||
| 245 | 1 | 0 | |a Hodnotenie výkonnosti podnikov automobilového priemyslu prostredníctvom integrácie metód BSC - DEA |c Lenka Štofová, Petra Szaryszová |
| 520 | |a Predpoklady integrácie metódy Balanced Scorecard a modelu Data Envelopment Analysis. Analýza efektívnosti finančnej perspektívy podnikov automobilového priemyslu integráciou metód BSC – DEA. Metodický postup BSC – DEA hodnotenia integrovaného manažérstva kvality podniku. | ||
| 610 | 2 | 0 | |a podnik |
| 610 | 2 | 0 | |a priemysel automobilový |
| 610 | 2 | 0 | |a výkonnosť podniku |
| 610 | 2 | 0 | |a ukazovatele výkonnosti |
| 610 | 2 | 0 | |a metóda BSC |
| 610 | 2 | 0 | |a analýza obaľovania dát |
| 100 | 1 | |a Štofová, Lenka, 1989- | |
| 700 | 1 | |a Szaryszová, Petra, 1984- | |